000 00841pam a2200217 a 4500
020 _a0671428055 (pbk.)
020 _a0671454471 (hard)
050 0 0 _aQL 703
_b.B64
100 1 _aBoitani, Luigi.
245 1 0 _aSimon and Schuster's Guide to mammals /
_cby Luigi Boitani and Stefania Bartoli ; U.S. editor, Sydney Anderson ; [translated from the Italian by Simon Pleasance].
260 _aNew York :
_bSimon and Schuster,
_cc1983.
300 _a511 p. :
500 _aTranslation of: Mammiferi.
500 _aIncludes index.
700 1 _aBartoli, Stefania.
700 1 _aAnderson, Sydney,
856 4 1 _uhttp://www.loc.gov/catdir/samples/simon031/83016222.html
856 4 2 _uhttp://www.loc.gov/catdir/description/simon033/83016222.html
856 4 1 _uhttp://www.loc.gov/catdir/enhancements/fy0631/83016222-t.html
942 _2lcc
_cGEN
999 _c10291
_d10291